Sports Quiz

Random Sports or NBA Quiz

2015-16 NBA Club Trillion Quiz Stats

 Plays Quiz not verified by Sporcle

Challenge
Share
Tweet
Embed
Score 0/160 Timer 20:00
0 Plays Today
Team Player % Correct
RaptorsJames Johnson
80%
HeatTyler Johnson
78.9%
JazzChris Johnson
78.9%
ClippersWesley Johnson
78.9%
GrizzliesRuss Smith
74.7%
PelicansIsh Smith
74.7%
TimberwolvesGreg Smith
74.7%
CavaliersJames Jones
70.5%
SunsAlan Williams
70.5%
KingsJames Anderson
61.1%
WizardsAlan Anderson
60%
MavericksJustin Anderson
60%
SpursKyle Anderson
60%
NuggetsErick Green
58.9%
JazzErick Green
58.9%
CelticsJames Young
56.8%
PacersJoseph Young
56.8%
PacersSolomon Hill
55.8%
RaptorsJason Thompson
53.7%
WarriorsJason Thompson
53.7%
SpursAndre Miller
52.6%
NuggetsMike Miller
52.6%
TimberwolvesAndre Miller
52.6%
NetsMarkel Brown
50.5%
KnicksJerian Grant
50.5%
LakersAnthony Brown
50.5%
GrizzliesJarell Martin
48.4%
SpursKevin Martin
48.4%
SunsCory Jefferson
47.4%
CelticsR.J. Hunter
45.3%
CavaliersTimofey Mozgov
44.2%
SpursBoban Marjanovic
44.2%
HeatJosh Richardson
43.2%
TimberwolvesAdreian Payne
43.2%
ThunderCameron Payne
43.2%
PacersMyles Turner
42.1%
RaptorsDelon Wright
41.1%
WarriorsIan Clark
41.1%
NetsThomas Robinson
40%
MavericksDwight Powell
40%
CelticsTerry Rozier
38.9%
PacersGlenn Robinson
38.9%
BucksMiles Plumlee
38.9%
WarriorsJames Michael McAdoo
38.9%
JazzTrey Burke
36.8%
HawksMike Scott
35.8%
CelticsJonas Jerebko
34.7%
76ersT.J. McConnell
34.7%
MavericksSalah Mejri
34.7%
SpursMatt Bonner
34.7%
WarriorsBrandon Rush
34.7%
HawksMike Muscala
33.7%
HeatChris Andersen
33.7%
RocketsK.J. McDaniels
33.7%
Team Player % Correct
RaptorsBruno Caboclo
32.6%
BullsTony Snell
32.6%
SpursJonathon Simmons
32.6%
ClippersCole Aldrich
32.6%
RocketsSam Dekker
31.6%
ThunderKyle Singler
31.6%
Trail BlazersBrian Roberts
31.6%
WarriorsMarreese Speights
31.6%
CavaliersJared Cunningham
30.5%
HawksKirk Hinrich
30.5%
MagicMario Hezonja
30.5%
MavericksJeremy Evans
30.5%
JazzJoe Ingles
30.5%
CavaliersSasha Kaun
29.5%
PistonsJoel Anthony
29.5%
HawksShelvin Mack
29.5%
HornetsAaron Harrison
29.5%
ThunderMitch McGary
29.5%
BullsJustin Holiday
28.4%
HawksJustin Holiday
28.4%
HawksLamar Patterson
28.4%
CelticsJordan Mickey
27.4%
HeatUdonis Haslem
27.4%
ClippersPablo Prigioni
27.4%
LakersTarik Black
27.4%
CavaliersJordan McRae
26.3%
HornetsP.J. Hairston
26.3%
SpursRay McCallum
26.3%
SpursRasual Butler
26.3%
Trail BlazersTim Frazier
26.3%
SunsJordan McRae
26.3%
KingsCaron Butler
26.3%
KnicksSasha Vujacic
25.3%
HeatJames Ennis
25.3%
RocketsTy Lawson
25.3%
GrizzliesJames Ennis
25.3%
ThunderAnthony Morrow
25.3%
JazzElijah Millsap
25.3%
KnicksKyle O'Quinn
24.2%
76ersChristian Wood
24.2%
PistonsAnthony Tolliver
24.2%
BucksRashad Vaughn
24.2%
HornetsTroy Daniels
24.2%
MagicAndrew Nicholson
24.2%
RocketsMontrezl Harrell
24.2%
ClippersLuc Mbah a Moute
24.2%
LakersRyan Kelly
24.2%
KnicksCleanthony Early
23.2%
BullsCameron Bairstow
23.2%
PistonsSpencer Dinwiddie
23.2%
BucksJohnny O'Bryant
23.2%
PistonsReggie Bullock
22.1%
MagicShabazz Napier
22.1%
WizardsKelly Oubre
22.1%
Team Player % Correct
MavericksCharlie Villanueva
22.1%
Trail BlazersPat Connaughton
22.1%
JazzTrey Lyles
22.1%
SunsArchie Goodwin
22.1%
SunsChase Budinger
22.1%
76ersRichaun Holmes
21.1%
76ersIsaiah Canaan
21.1%
HornetsTyler Hansbrough
21.1%
PelicansAlonzo Gee
21.1%
JazzJeff Withey
21.1%
SunsRonnie Price
21.1%
NetsSean Kilpatrick
20%
BullsCristiano Felicio
20%
MagicC.J. Watson
20%
WizardsMarcus Thornton
20%
WizardsDrew Gooden
20%
NuggetsSean Kilpatrick
20%
PelicansLuke Babbitt
18.9%
ThunderSteve Novak
18.9%
ThunderNazr Mohammed
18.9%
RaptorsAnthony Bennett
17.9%
PelicansJimmer Fredette
17.9%
ClippersC.J. Wilcox
17.9%
WizardsJ.J. Hickson
16.8%
NuggetsJoffrey Lauvergne
16.8%
NuggetsJ.J. Hickson
16.8%
ClippersBranden Dawson
16.8%
NetsSergey Karasev
14.7%
GrizzliesRyan Hollins
14.7%
TimberwolvesDamjan Rudez
14.7%
ClippersJeff Ayres
14.7%
BucksDamien Inglis
13.7%
WizardsDeJuan Blair
13.7%
MavericksJohn Jenkins
13.7%
JazzTibor Pleiss
13.7%
SunsJohn Jenkins
13.7%
GrizzliesJarnell Stokes
12.6%
Trail BlazersLuis Montero
12.6%
PistonsDarrun Hilliard
11.6%
WizardsJarell Eddie
11.6%
NetsWillie Reed
10.5%
BucksChris Copeland
10.5%
MagicDevyn Marble
10.5%
GrizzliesBryce Cotton
9.5%
SunsBryce Cotton
9.5%
RocketsAndrew Goudelock
8.4%
PelicansBryce Dejean-Jones
8.4%
NuggetsKostas Papanikolaou
8.4%
Trail BlazersCliff Alexander
8.4%
HornetsJorge Gutierrez
7.4%
MagicKeith Appling
4.2%
ClippersAlex Stepheson
3.2%

You're not logged in!

Compare scores with friends on all Sporcle quizzes.
OR
Log In

You Might Also Like...

Show Comments

Extras

Top Quizzes Today


Score Distribution

Your Account Isn't Verified!

In order to create a playlist on Sporcle, you need to verify the email address you used during registration. Go to your Sporcle Settings to finish the process.

Report this User

Report this user for behavior that violates our Community Guidelines.

Details: